Bệnh cây nông nghiệp
Wedi'i Gadw mewn:
| Prif Awdur: | |
|---|---|
| Fformat: | Llyfr |
| Iaith: | Undetermined |
| Cyhoeddwyd: |
Hà Nội
Nông Nghiệp
1998
|
| Pynciau: | |
| Tagiau: |
Ychwanegu Tag
Dim Tagiau, Byddwch y cyntaf i dagio'r cofnod hwn!
|
| Thư viện lưu trữ: | Trung tâm Học liệu Trường Đại học Cần Thơ |
|---|
| LEADER | 00648nam a2200217Ia 4500 | ||
|---|---|---|---|
| 001 | CTU_28017 | ||
| 008 | 210402s9999 xx 000 0 und d | ||
| 020 | |b 50.000đ | ||
| 082 | |a 632 | ||
| 082 | |b Gi108 | ||
| 100 | |a Vũ Triệu Mân...[et al.] | ||
| 245 | 0 | |a Bệnh cây nông nghiệp | |
| 245 | 0 | |c Vũ Triệu Mân...[et al.] | |
| 260 | |a Hà Nội | ||
| 260 | |b Nông Nghiệp | ||
| 260 | |c 1998 | ||
| 526 | |a Bệnh cây trồng | ||
| 526 | |b NN359 | ||
| 650 | |a agriculture - research,plant diseases,plants, protection of | ||
| 904 | |i Minh, 990113 | ||
| 980 | |a Trung tâm Học liệu Trường Đại học Cần Thơ | ||